000 00682nam a2200253Ia 4500
003 OSt
005 20220918225025.0
006 a|||||r|||| 00| 0
007 ta
008 220917b |||||||| |||| 00| 0 eng d
024 _a236,208
037 _cTextual
040 _aARTS
_cARTS
_beng
041 _2eng
_aeng
082 _aR66, L5
100 _aBhattacharyya Kalidas
_972753
245 0 _aModern understanding of advita vedanta
260 _aAhmedabad
_bL.D.Institute of Indology India
_c1975
300 _a67p.
_ccm.
490 _aL.D.Series; 47
650 _aPHILOSOPHY
942 _hR66, L5
_cTEXL
_2CC
999 _c283153
_d283153